00565nam a2200169Ia 450000500170000000800410001702000150005808200130007324500620008626000500014830000120019850000420021070000250025294200060027795200970028399900150038020250626022545.0240331s9999 xx 000 0 und d a9555920109 bAKEa351 0aAkeywadaya Balaya Beda Herima Ha Bhautare Prabuthwawadaya aColombobSri Lanka Foundation Institutec1995 a59 p ., aA book on Power Distribution Proposal aAbeysekara, C. eedt cL 001040708LaWERCLbWERCLcSSCd2024-03-31l0o 303.6 AKEp5680r2024-03-31w2024-03-31yL c5486d5486